000 00505 a2200157 4500
020 _a8120305191 (paperback)
020 _a9788120305199 (paperback)
090 _c4429
_d4429
100 1 _aAlexender, Hartshorn &
245 1 0 _aEconomic geography 3rd ed /
_cHartshorn & Alexender.
250 _a3rd ed.
260 _a[S.l.] :
_bPrentice Hall of India,
_c2008.
300 _a400 p.
856 4 0 _3Amazon.com
_uhttp://www.amazon.com/exec/obidos/ASIN/8120305191/chopaconline-20
942 _aNBS
_cBK
_k330.9 HAR
999 _c346873
_d346873